Повышение эффективности производства и использования энергии в условиях Сибири. Т. 1 (Запись № 12561957)

Подробности
000 -МАРКЕР
контрольное поле 02219nam2a2200253 4500
001 - ИДЕНТИФИКАТОР ЗАПИСИ
контрольное поле RU\NLR\BIBL_A\022038492
005 - ИДЕНТИФИКАТОР ВЕРСИИ
контрольное поле 20231024122426.0
010 ## - МЕЖДУНАРОДНЫЙ СТАНДАРТНЫЙ НОМЕР КНИГИ (ISBN)
Номер (ISBN) 978-5-8038-1845-8
Уточнения т. 1
Тираж 300
021 ## - НОМЕР ГОСУДАРСТВЕННОЙ РЕГИСТРАЦИИ
Код страны Российская Федерация
Номер КН-П-23-054162
Номер Листа государственной регистраци КН-П-23-5436
035 ## - ДРУГИЕ СИСТЕМНЫЕ НОМЕРА
Идентификатор записи (NLR Aleph) 022038492
100 ## - ДАННЫЕ ОБЩЕЙ ОБРАБОТКИ
Данные общей обработки 20231002d2023 k y0rusy50 ca
101 0# - ЯЗЫК РЕСУРСА
Язык текста, звукозаписи и т.д. русский
102 ## - СТРАНА ПУБЛИКАЦИИ ИЛИ ПРОИЗВОДСТВА
Страна публикации Российская Федерация
105 ## - ПОЛЕ КОДИРОВАННЫХ ДАННЫХ: ТЕКСТОВЫЕ МАТЕРИАЛЫ, МОНОГРАФИЧЕСКИЕ
Кодированные данные о монографическом текстовом документе a z 100zy
200 0# - ЗАГЛАВИЕ И СВЕДЕНИЯ ОБ ОТВЕТСТВЕННОСТИ
Основное заглавие Т. 1
210 ## - ПУБЛИКАЦИЯ, РАСПРОСТРАНЕНИЕ И ДР.
Дата издания, распространения и т.д. 2023
215 ## - ФИЗИЧЕСКАЯ ХАРАКТЕРИСТИКА
Специфическое обозначение материала и объем 488 с.
Другие сведения о физической характеристике ил., табл.
320 ## - ПРИМЕЧАНИЯ О НАЛИЧИИ В ДОКУМЕНТЕ БИБЛИОГРАФИИ / УКАЗАТЕЛЯ
Текст примечания Библиогр. в конце ст.
461 #0 - УРОВЕНЬ НАБОРА
Встроенное поле 001RU\NLR\BIBL_A\022038491
-- 2001#$aПовышение эффективности производства и использования энергии в условиях Сибири$eматериалы Всероссийской научно-практической конференции с международным участием (г. Иркутск, 19-23 апреля 2023 г.)$eсборник материалов$eв 2 т.$fМинистерство науки и высшего образования РФ, Иркутский национальный исследовательский технический университет [и др.]$gпод общей редакцией Е. В. Самаркиной$vТ. 1
Системный номер (АБИС) связанной записи 12561954
Место публикации Иркутск
Дата публикации 2023
Первые сведения об ответственности Министерство науки и высшего образования РФ, Иркутский национальный исследовательский технический университет [и др.]
Имя издателя, распространителя и т.д. Изд-во Иркутского национального исследовательского технического университета
Сведения, относящиеся к заглавию материалы Всероссийской научно-практической конференции с международным участием (г. Иркутск, 19-23 апреля 2023 г.) : сборник материалов : в 2 т.
Заглавие Повышение эффективности производства и использования энергии в условиях Сибири
ISBN 9785803808374
Номер тома Т. 1
942 ## - ДОПОЛНИТЕЛЬНЫЕ ЭЛЕМЕНТЫ ЗАПИСИ (АБИС)
Тип экземпляра АБИС Книга
980 ## - КОЛЛЕКЦИЯ
Название коллекции Национальная библиография
Экземпляры
Тип экземпляра Дата поступления Источник поступления Библиотека постоянного хранения Библиотека текущего хранения Место хранения Шифр хранения Штрих-код Статус экземпляра
Книга 02.10.2023 Обязательный экземпляр РНБ (Московский) РНБ (Московский) Русский книжный фонд: издания с 1957 года 2023-3/20456 1-4349482  
Книга 02.10.2023 Обязательный экземпляр РНБ (Московский) РНБ (Московский) Русский книжный фонд: издания с 1957 года 2023-3/20456 1-4349481